00611nam a2200205Ia 4500003000400000005001700004008004100021020001500062040001800077041000800095082002200103100002100125245009800146250001400244260003900258300000800297650004600305650002200351650003200373OSt20220122094240.0210716s1992 xx 000 0 und d a1557041164 cAIMIT LIBRARY aeng a332.024 22bBERA aBerg, Adriane G. aYour wealth building years :bfinancial planning for 18 to 38 year olds /bycAdriane, G Berg. a[2nd ed.] aNew York:bNewmarket Press,c1992. a254 aUnderstanding your jobs financial rewards aPreserving wealth aSecrets of money management